000 00887cam a2200265 4500
008 090401t1987 xxu||||| |||| 00| 0 eng d
020 _a0110767640
035 _a(Sirsi) u8224
041 0 _aeng
110 1 _aUnited Kingdom
_kLaws, etc
_95044
245 0 4 _aThe Town and Country Planning (Use Classes) Order 1987
260 _aLondon
_bHMSO
_c1987
300 _a7p.
_c30cm.
350 _a1.7
490 _aSI
_v1987: 764
520 _aCame into force 1 June 1987. Revokes SI 1972:1385 and SI 1983:1614.
650 2 4 _aTOWN AND COUNTRY PLANNING (USE CLASSES) ORDER 1987
650 2 4 _aSI 1972: 1385
650 2 4 _aSI 1983: 1614
651 4 _aEngland and Wales
_y1543-
690 _aPlanning and development
_96259
856 4 1 _uhttps://www.opsi.gov.uk/si/si1987/Uksi_19870764_en_1.htm
_zView the Order free of charge at www.opsi.gov.uk....
942 _n0
948 _c04/03/1997
999 _c86499
_d86499